Vista normal Vista MARC

Entrada Topical Term

Número de registros utilizados en: 2

001 - CONTROL NUMBER

  • control field: 6588

003 - CONTROL NUMBER IDENTIFIER

  • control field: OSt

005 - DATE AND TIME OF LATEST TRANSACTION

  • control field: 20200702192015.0

008 - FIXED-LENGTH DATA ELEMENTS

  • fixed length control field: 200702|| aca||aabn | a|a d

040 ## - CATALOGING SOURCE

  • Original cataloging agency: OSt
  • Transcribing agency: OSt

150 ## - HEADING--TOPICAL TERM

  • Topical term or geographic name entry element: Novela

670 ## - SOURCE DATA FOUND

  • Source citation: Work cat.: (OSt)3474: Coelho, Paulo, 1947 autor 6578, A orillas del río piedra me senté y lloré : , ©1996